1932 1304 1550 1515 1001 1709 1696 1134 1135 1391 1264 1839 1731 1088 1011 1525 1974 1145 1157 1446 1897 1081 1412 1678 1419 1175 1184 1760 1787 1277 1524 1741 1632 1020 1547 1949 1622 1036 1245 1582 1784 1347 1772 1883 1955 1356 1963 1976 1985 1384 1462 1976 1362 1118 1727 1271 1459 1479 1725 1789 1522 1158 1242 1079 1129 1758 1796 1676 1746 1764 1495 1984 1654 1184 1824 1058 1117 1832 1349 1587 1374 1069 1077 1326 1539 1295 1125 1988 1741 1157 1144 1911 1431 1622 1653 1259 1553 1195 1074 BCNSPRNW ULIB Ver.6.0+V

เปลี่ยนเป็นภาษาไทย

Change to English
 แสดงรายละเอียดบรรณานุกรม
  กลับหน้าหลัก

Brief Record : Get Marc (ISO 2709) : E-mail record : QR code < ปิดหน้าต่าง
LEADER : 00000nam 2200000uu 4500
001    13399129100
003     ULIB
008    250716s2566||||th 000 0 tha d
020 ^- ^a9786162627828
050 ^- ^aT385^bอ619ส
100 0  ^aอัมรินทร์ เพ็ชรกุล
245 ^- ^aสร้างสื่อและชิ้นงานกราฟิกสำหรับโซเชียลมีเดีย พรีเซนเตชั่น การตลาดด้วย CANVA เครื่องมือดีไซน์ออนไลน์ /^cอัมรินทร์ เพ็ชรกุล
246 ^- ^aดีไซน์งานกราฟิกได้เองสำหรับโซเชียลและสื่อต่างๆ ด้วย Canva
260 ^- ^a กรุงเทพฯ :^bรีไวว่า,^c2566
300 ^- ^a198 หน้า :^bภาพประกอบ ;^c21 ซม.
505 ^- ^aFORMATTED CONTENTS NOTE
650 ^4 ^aงานกราฟิก
650 ^0 ^aสร้างคอนเทนต์
650 ^0 ^aCANVA (โปรแกรมคอมพิวเตอร์)
945    ^p249^l0^i011857
999    ^aประนอม เกษจรัล
รายการนี้ยังไม่มีแท็ก
คุณยังไม่ได้ล็อกอิน คุณสามารถมีกิจกรรมร่วมกับเว็บไซต์ได้ แต่ต้องล็อกอินก่อน ::
  ล็อกอิน

รายการสื่อสารสนเทศ

ลำดับที่ ประเภท เลขเรียก/บาร์โค้ด สถานที่ สถานะ
1. การศึกษาทั่วไป
หนังสือสำรอง
สถานะ=หนังสือสำรอง
T385 อ619ส ฉ.1 
  Barcode: 011857
ห้องสมุดวิทยาเขตสวรรค์ประชารักษ์
►หนังสือทั่วไป
บนชั้น

รายการใกล้เคียง
    ผู้แต่ง [อัมรินทร์ เพ็ชรกุล]

BibComment


ยังไม่เคยถูกคอมเมนท์

คอมเมนท์ทรัพยากรรายการนี้
  คอมเมนท์: สร้างสื่อและชิ้น..


 Copyright 2026. Bcnsprnw @Library